[Event "Challenge"]
[Site "http://www.queenalice.com/game.php?id=1309998"]
[Date "2014.9.23"]
[Round "-"]
[White "dejami"]
[Black "bambi54"]
[Result "1-0"]
[WhiteElo "1740"]
[BlackElo "1469"]

1. e4 e5 2. Bc4 Nf6 3. d3 Bc5 4. h3 d6 5. g4 Nc6 6. c3 b6 7. Nf3 O-O 8. b4 Nxb4
9. cxb4 Bxb4+ 10. Bd2 Bc5 11. Nc3 Bd7 12. Be3 Bb4 13. Bd2 a5 14. Ne2 Bxd2+ 15.
Nxd2 c5 16. f4 exf4 17. Nxf4 b5 18. Bb3 a4 19. Bc2 Re8 20. g5 d5 21. gxf6 Qxf6
22. Nxd5 Qe6 23. Nf4 Qe5 24. Rf1 Qd4 25. Ke2 a3 26. Nf3 Qf6 27. Nd5 Qd6 28. Qd2
Bc6 29. Ne3 b4 30. Nf5 Qe6 31. Ng5 Qg6 32. Bb3 Kh8 33. Nxf7+ Kg8 34. Ne5+ 1-0

[Event "Challenge"]
[Site "http://www.queenalice.com/game.php?id=1311911"]
[Date "2014.10.1"]
[Round "-"]
[White "jbugg"]
[Black "bambi54"]
[Result "0-1"]
[WhiteElo "1514"]
[BlackElo "1450"]

1. e4 e5 2. Nf3 Nc6 3. Bc4 Nf6 4. d3 Bc5 5. Nh4 d6 6. h3 Nd4 7. Be3 b6 8. c3 Ne6
9. Qf3 Bxe3 10. Qxe3 O-O 11. Qg3 Nf4 12. Nf5 Bxf5 13. exf5 d5 14. Bb3 Qd6 15.
Nd2 Qd7 16. Bc2 Qxf5 17. c4 dxc4 18. Nxc4 Rfe8 19. Ne3 Nxd3+ 20. Bxd3 Qxd3 21.
Nf5 Qxf5 22. Qf3 Qxf3 23. gxf3 e4 24. f4 e3 25. f3 e2 26. Rc1 Rac8 27. Rc2 c5
28. h4 Rcd8 29. Rxe2 Rxe2+ 30. Kxe2 Rd4 31. Ke3 Nd5+ 32. Kf2 Nxf4 33. h5 Nd3+
34. Kg3 Nxb2 35. Re1 h6 36. f4 c4 37. Rb1 c3 38. Rc1 Rd3+ 39. Kg4 a5 40. a4 Nxa4
41. Re1 g6 42. hxg6 fxg6 43. f5 Rd4+ 44. Kf3 gxf5 45. Re8+ Kg7 46. Re7+ Kg6 47.
Re6+ Kg5 48. Rc6 f4 49. Rc8 b5 50. Kf2 h5 51. Rg8+ Kf5 52. Rg1 c2 53. Rc1 Rd2+
0-1

[Event "Challenge"]
[Site "http://www.queenalice.com/game.php?id=1316523"]
[Date "2014.10.19"]
[Round "-"]
[White "JadeTgr7"]
[Black "bambi54"]
[Result "1-0"]
[WhiteElo "1422"]
[BlackElo "1413"]

1. e4 e5 2. Nf3 Nc6 3. c3 Nf6 4. d4 exd4 5. e5 Ne4 6. cxd4 Bb4+ 7. Bd2 Bxd2+ 8.
Nfxd2 Nxd2 9. Qxd2 d6 10. Be2 dxe5 11. dxe5 O-O 12. Qxd8 Rxd8 13. O-O Nxe5 14.
Nc3 Be6 15. f4 Nc4 16. f5 Bd5 17. Nxd5 Rxd5 18. Bxc4 Rd2 19. Rae1 Rxb2 20. Re7
h6 21. Rxf7 Re8 22. Rxc7+ Kh7 23. f6 Kg6 24. Bd3+ Kg5 25. Rxg7+ 1-0

[Event "Challenge"]
[Site "http://www.queenalice.com/game.php?id=1316524"]
[Date "2014.10.19"]
[Round "-"]
[White "bambi54"]
[Black "JadeTgr7"]
[Result "1/2-1/2"]
[WhiteElo "1413"]
[BlackElo "1599"]

1. e4 e5 2. Nf3 Nc6 3. Bc4 d6 4. Nc3 Nf6 5. Ng5 Be6 6. Bxe6 fxe6 7. Nxe6 Qd7 8.
Nxf8 Rxf8 9. d3 Nd4 10. O-O O-O-O 11. Be3 h5 12. Bxd4 exd4 13. Nd5 Nxd5 14. exd5
h4 15. h3 b6 16. Qd2 Qf5 17. Rae1 Qxd5 18. c4 dxc3 19. bxc3 g5 20. c4 Qf5 21.
Re2 g4 22. Qe3 gxh3 23. gxh3 Qg6+ 24. Kh2 Rg8 25. f4 Rde8 26. Qf3 Rxe2+ 1/2-1/2

[Event "Viva America. "]
[Site "http://www.queenalice.com/game.php?id=1316731"]
[Date "2014.10.20"]
[Round "-"]
[White "bambi54"]
[Black "jbugg"]
[Result "0-1"]
[WhiteElo "1460"]
[BlackElo "1433"]

1. e4 e5 2. Nf3 Nc6 3. Bc4 a6 4. Nc3 b5 5. Bb3 b4 6. Nd5 Nf6 7. d3 Nd4 8. Nxd4
exd4 9. Nxb4 Bxb4+ 10. Bd2 Bxd2+ 11. Qxd2 O-O 12. O-O Ng4 13. h3 Ne5 14. c3 dxc3
15. Qxc3 c6 16. Qxe5 Kh8 17. Qc3 Qg5 18. e5 Bb7 19. Bd1 Rac8 20. Bf3 Rc7 21. d4
Re8 22. Rae1 Re6 23. Qd3 Rg6 24. Be4 c5 25. Bxg6 Qxg2# 0-1

[Event "Challenge"]
[Site "http://www.queenalice.com/game.php?id=1318636"]
[Date "2014.10.28"]
[Round "-"]
[White "gobblemate"]
[Black "bambi54"]
[Result "1-0"]
[WhiteElo "1855"]
[BlackElo "1438"]

1. d4 d5 2. Nf3 Nf6 3. Qd3 Nc6 4. Bf4 Bd7 5. Nbd2 e6 6. e3 Bb4 7. Be2 O-O 8. O-O
a5 9. c3 Be7 10. Ne5 Nxe5 11. Bxe5 Bb5 12. Qxb5 b6 13. Bf3 Qc8 14. c4 c6 15.
Qxb6 Ra6 16. Qc7 Qxc7 17. Bxc7 Ra7 18. Bb6 Rb7 19. c5 a4 20. b4 Ra8 21. e4 a3
22. Rfe1 Ra4 23. exd5 cxd5 24. Rab1 Ne8 25. Nc4 Nf6 26. Ne5 Ne8 27. Be2 f6 28.
Nc6 Bf8 29. Nd8 Re7 30. Ba5 1-0

[Event "Challenge"]
[Site "http://www.queenalice.com/game.php?id=1318637"]
[Date "2014.10.28"]
[Round "-"]
[White "bambi54"]
[Black "gobblemate"]
[Result "0-1"]
[WhiteElo "1436"]
[BlackElo "1863"]

1. e4 c5 2. Nf3 e6 3. Nc3 Nc6 4. Bc4 Nf6 5. d3 d5 6. exd5 exd5 7. Bb5 Be7 8. O-O
O-O 9. Be3 Bg4 10. h3 Bxf3 11. Qxf3 d4 12. Nd5 Nxd5 13. Bd2 Ne5 14. Qe4 Ng6 15.
c4 Nf6 16. Qxb7 Ne5 17. Bc6 Rb8 18. Qa6 Nxd3 19. b3 Qd6 20. Bb7 Qxa6 21. Bxa6
Ne4 22. Ba5 f5 23. Rad1 Ne5 24. Bc7 Nc6 25. Bxb8 Rxb8 26. f3 Nc3 27. Rd2 Nb4 28.
Re1 Bg5 29. Rb2 Nd3 30. Rbe2 Nxe1 31. Rxe1 Be3+ 32. Kh2 Nxa2 33. Re2 Nc3 34. Rb2
d3 0-1

[Event "Fall in Central Park"]
[Site "http://www.queenalice.com/game.php?id=1318851"]
[Date "2014.10.28"]
[Round "-"]
[White "bambi54"]
[Black "jbugg"]
[Result "0-1"]
[WhiteElo "1427"]
[BlackElo "1469"]

1. e4 e5 2. Nf3 Nc6 3. Bc4 Na5 4. d3 Nh6 5. Nxe5 Bc5 6. O-O O-O 7. Bd2 Nxc4 8.
Nxc4 Qf6 9. Be3 b5 10. e5 Qc6 11. Na5 Qd5 12. Bf4 Qd4 13. Bxh6 Qxb2 14. Nd2 gxh6
15. Re1 Qd4 16. Nab3 Qxf2+ 17. Kh1 Bb7 18. d4 Qxg2# 0-1

[Event "EasternStandardTime"]
[Site "http://www.queenalice.com/game.php?id=1320043"]
[Date "2014.11.3"]
[Round "-"]
[White "jbugg"]
[Black "bambi54"]
[Result "0-1"]
[WhiteElo "1468"]
[BlackElo "1420"]

1. e4 e5 2. Nc3 Nc6 3. Nf3 Nf6 4. Bc4 Bc5 5. Nh4 d6 6. Qf3 O-O 7. Qg3 Nd4 8. Bd3
Bd7 9. O-O Bb6 10. Nd5 c6 11. Ne3 Bc5 12. c3 Ne6 13. Bc4 Bxe3 14. Qxe3 b5 15.
Be2 c5 16. d3 a5 17. Qg3 Nf4 18. Bxf4 exf4 19. Qxf4 d5 20. Qd6 Rc8 21. exd5 Re8
22. Bf3 Nh5 23. g3 Nf6 24. Qf4 c4 25. d4 Rc7 26. Nf5 Bxf5 27. Qxf5 Rd7 28. Rfe1
Rd6 29. Be2 Nxd5 30. b4 a4 31. Rac1 Rde6 32. Qg4 R8e7 33. Kf1 Qe8 34. Rc2 Re4
35. Qf3 Nf6 36. a3 Ng4 37. h3 Nh2+ 38. Kg2 Nxf3 39. Kxf3 R7e6 40. h4 Rf6+ 41.
Kg2 Qe6 42. Rd2 Qf5 43. g4 Qf4 44. f3 Qxd2 0-1

[Event "Chess mania"]
[Site "http://www.queenalice.com/game.php?id=1322843"]
[Date "2014.11.18"]
[Round "-"]
[White "bambi54"]
[Black "jbugg"]
[Result "0-1"]
[WhiteElo "1434"]
[BlackElo "1530"]

1. e4 e5 2. Nf3 Nc6 3. Bc4 h6 4. d3 Bc5 5. b3 Qf6 6. O-O Nge7 7. Bd2 Nd4 8. b4
Bd6 9. c3 Ndc6 10. b5 Na5 11. Na3 Bxa3 12. Qa4 Nxc4 13. Qxc4 Bd6 14. a4 a5 15.
Rfb1 b6 16. d4 O-O 17. d5 Bb7 18. Qd3 Ng6 19. c4 Nf4 20. Bxf4 exf4 21. Qe2 Rae8
22. Ra2 Qg6 23. Re1 Bb4 24. Rd1 Rxe4 25. Qd3 c5 26. d6 Rfe8 27. Qc2 Qe6 28. Raa1
g5 29. Re1 Bxe1 30. h4 Re2 0-1

[Event "Black Friday"]
[Site "http://www.queenalice.com/game.php?id=1325078"]
[Date "2014.11.29"]
[Round "-"]
[White "jbugg"]
[Black "bambi54"]
[Result "0-1"]
[WhiteElo "1509"]
[BlackElo "1413"]

1. e4 e5 2. Nf3 Nc6 3. Bc4 Nf6 4. d3 Bc5 5. O-O d6 6. Ng5 O-O 7. Qf3 Bg4 8. Qg3
Nd4 9. Qe3 Ne2+ 10. Kh1 Bxe3 11. fxe3 Nxc1 12. Rxc1 c6 13. Rf1 d5 14. exd5 cxd5
15. Bb3 Rc8 16. h3 Bh5 17. Nc3 Rc5 18. g4 Bg6 19. h4 Nxg4 20. Rf3 d4 21. exd4
exd4 22. Na4 Re5 23. Raf1 Qd7 24. Kg2 Ne3+ 25. Kf2 Nxf1 26. Kxf1 Rf5 27. Kg2
Rxf3 28. Kxf3 Re8 29. Bxf7+ Bxf7 30. Nc5 Qd5+ 31. Nge4 Bg6 32. b3 Bxe4+ 33. Nxe4
Rf8+ 34. Ke2 Qh5+ 35. Kd2 Qxh4 36. c4 Qh1 37. a4 Qb1 38. Nc5 Rf2# 0-1

[Event "AmazonShopper"]
[Site "http://www.queenalice.com/game.php?id=1327026"]
[Date "2014.12.9"]
[Round "-"]
[White "bambi54"]
[Black "jbugg"]
[Result "1-0"]
[WhiteElo "1433"]
[BlackElo "1508"]

1. e4 e5 2. Nf3 Nc6 3. Nc3 Bc5 4. Bc4 Nh6 5. d3 Qf6 6. Bg5 Qd6 7. Nb5 Bxf2+ 8.
Kxf2 Qc5+ 9. Be3 Qb4 10. Nxc7+ Kd8 11. Nxa8 Qxb2 12. Ng5 f6 13. Nf3 Ng4+ 14. Ke2
Qa3 15. h3 Nh6 16. g4 d6 17. Qd2 Bd7 18. g5 fxg5 19. Nxg5 Ke7 20. Rhf1 Rxa8 21.
Nxh7 Nd4+ 22. Kd1 Bxh3 23. Rf2 Qb2 24. Qc1 Bg4+ 25. Kd2 Qb4+ 26. c3 Qc5 27. Bxd4
Qc8 28. Be3 Qh8 29. Ng5 g6 30. Rb1 b6 31. d4 Rc8 32. Be2 exd4 33. cxd4 Rxc1 34.
Rxc1 Bd7 35. Rc7 Qd8 36. Rxa7 Qb8 37. Ra3 Ng8 38. Rb3 Nf6 39. Rf1 Qb7 40. e5
dxe5 41. dxe5 Ne4+ 42. Nxe4 Qxe4 43. Rxb6 Be6 44. Rb5 Bxa2 45. Rg1 Be6 46. Bd3
Bd7 47. Bxe4 1-0

[Event "Staying' Alive: BeeGees"]
[Site "http://www.queenalice.com/game.php?id=1330957"]
[Date "2014.12.27"]
[Round "-"]
[White "bambi54"]
[Black "jbugg"]
[Result "1-0"]
[WhiteElo "1452"]
[BlackElo "1564"]

1. e4 e5 2. Nf3 Nf6 3. Nc3 Bd6 4. Bc4 h6 5. d3 O-O 6. Be3 Ng4 7. O-O Nxe3 8.
fxe3 Qf6 9. Nd5 Qd8 10. d4 Nc6 11. c3 Na5 12. b3 Nxc4 13. bxc4 exd4 14. cxd4 c6
15. Nc3 a5 16. e5 Bc7 17. c5 b5 18. d5 Qe7 19. Qd4 Bb7 20. d6 Bxd6 21. exd6 Qe6
22. Rae1 a4 23. a3 Qb3 24. Nb1 Qe6 25. e4 Rae8 26. e5 Qg6 27. Re3 Re6 28. Nbd2
Qf5 29. Qd3 Qg6 30. Qxg6 Rxg6 31. Re4 f5 32. Rf4 Re8 33. Rxf5 Rg4 34. Re1 g6 35.
Rf6 Kg7 36. h3 g5 37. hxg4 Rb8 38. Ne4 Bc8 39. Nd4 b4 40. axb4 Rxb4 41. Rff1
Rxd4 42. Rf2 Rd5 43. Rf5 a3 44. Ra1 Rd3 45. Nf2 Rg3 46. Kh2 Rc3 47. Ne4 Re3 48.
Nd2 Rc3 49. Nb1 Rc1 50. Rf3 Rxc5 51. Nxa3 Rxe5 52. Rf5 Rd5 53. Rxd5 cxd5 54. Re1
Bb7 55. Re7+ Kf6 56. Rxd7 Bc8 57. Re7 Bxg4 58. Rc7 d4 59. Rc4 d3 60. Rxg4 1-0

[Event "Challenge"]
[Site "http://www.queenalice.com/game.php?id=1331063"]
[Date "2014.12.27"]
[Round "-"]
[White "bambi54"]
[Black "fenix40rj"]
[Result "1/2-1/2"]
[WhiteElo "1461"]
[BlackElo "1443"]

1. e4 e5 2. Nf3 Nc6 3. Nc3 d5 4. exd5 Nd4 5. d3 Qf6 6. Bg5 Qf5 7. Be2 Qg4 8. O-O
h6 9. Be3 Qg6 10. Nxe5 Nxe2+ 11. Qxe2 Qd6 12. Nc4 Qg6 13. d4 Bd7 14. a4 c6 15.
dxc6 Bxc6 16. d5 Bd6 17. Nxd6+ Qxd6 18. dxc6 Nf6 19. Rad1 Qxc6 20. Rd2 Nd7 21.
Rfd1 O-O-O 22. b4 Qxc3 23. Rd4 Rhe8 24. R1d3 Qa1+ 25. Rd1 Qxa4 26. h3 Ne5 27. c3
Ng6 28. R1d3 Qa1+ 29. Rd1 Qxc3 30. R1d3 Qc7 31. Rd2 Nf4 32. Bxf4 Rxe2 33. Bxc7
Re1+ 34. Kh2 Rxd4 35. Rxd4 Kxc7 36. f4 f5 1/2-1/2

[Event "superbowl eve almost"]
[Site "http://www.queenalice.com/game.php?id=1335801"]
[Date "2015.1.20"]
[Round "-"]
[White "jbugg"]
[Black "bambi54"]
[Result "1-0"]
[WhiteElo "1599"]
[BlackElo "1472"]

1. e4 e5 2. Nf3 Nc6 3. Bc4 Nf6 4. Ng5 d5 5. exd5 Nd4 6. c3 Nf5 7. O-O Bd6 8. Qf3
e4 9. Qh3 Bd7 10. d3 exd3 11. Bxd3 Nxd5 12. Re1+ Nde7 13. Bc4 Nh6 14. Bxf7+ Kf8
15. Qd3 a5 16. Qf3 Bc6 17. Bd5+ Ke8 18. Ne6 Qc8 19. Nxg7+ Kd8 20. Ne6+ Kd7 21.
Bxh6 Bxd5 22. Nf8+ Ke8 23. Qf6 Rg8 24. Nxh7 Kd7 25. Ng5 Rf8 26. Bxf8 Qxf8 27.
Qxf8 Rxf8 28. Re2 Rf5 29. h4 Bc4 30. Re4 b5 31. Nd2 Bd5 32. Rd4 c5 33. Rd3 Rf4
34. g3 Rf5 35. b3 Re5 36. Ndf3 Nc6 37. Nxe5+ Nxe5 38. Rxd5 1-0

[Event "Brrrrrrr"]
[Site "http://www.queenalice.com/game.php?id=1338581"]
[Date "2015.2.1"]
[Round "-"]
[White "bambi54"]
[Black "jbugg"]
[Result "0-1"]
[WhiteElo "1461"]
[BlackElo "1556"]

1. e4 e5 2. Nf3 Nc6 3. Nc3 Nf6 4. Bc4 h6 5. d3 Bc5 6. O-O O-O 7. b3 a6 8. Bb2 b5
9. Bd5 Nxd5 10. Nxd5 d6 11. a4 bxa4 12. Rxa4 Bd7 13. Qd2 Nd4 14. Nxd4 Bxa4 15.
bxa4 Bxd4 16. Ba3 c6 17. Nb4 a5 18. Nxc6 Qd7 19. Nxd4 exd4 20. Rb1 Qxa4 21. Bxd6
Rfc8 22. Rb2 Qa3 23. Rb1 Qxd6 24. Rb7 Qc6 25. Rb5 Qxb5 0-1

[Event "March snow"]
[Site "http://www.queenalice.com/game.php?id=1344949"]
[Date "2015.3.1"]
[Round "-"]
[White "bambi54"]
[Black "jbugg"]
[Result "1-0"]
[WhiteElo "1471"]
[BlackElo "1523"]

1. e4 e5 2. Nf3 Nc6 3. Nc3 Bc5 4. Bc4 h6 5. d3 Nf6 6. O-O O-O 7. Bd2 Qe7 8. Nb5
Qd8 9. a4 Na5 10. b4 Nxc4 11. dxc4 c6 12. bxc5 cxb5 13. cxb5 Nxe4 14. Be3 Nc3
15. Qd3 Qe7 16. Qxc3 f6 17. Rfd1 e4 18. Nd2 Qe6 19. Nb3 Re8 20. Re1 a6 21. b6 d5
22. Red1 Bd7 23. h3 Rec8 24. Qd4 Qe8 25. Qxd5+ Be6 26. Qxe4 Qc6 27. Qxc6 Rxc6
28. a5 Bf5 29. Rd2 Be6 30. Rad1 Rcc8 31. Rd6 Re8 32. c6 Rab8 33. Nc5 bxc6 34.
Nxa6 Ra8 35. Nc7 Rad8 36. Rxd8 Rxd8 37. Rxd8+ 1-0

[Event "Daffodils sighted!"]
[Site "http://www.queenalice.com/game.php?id=1351218"]
[Date "2015.4.2"]
[Round "-"]
[White "jbugg"]
[Black "bambi54"]
[Result "0-1"]
[WhiteElo "1509"]
[BlackElo "1489"]

1. e4 e5 2. Nf3 Nc6 3. Bc4 Nf6 4. Ng5 d5 5. exd5 Nxd5 6. Qf3 Qxg5 7. Bxd5 Qf6 8.
Nc3 Qxf3 9. Bxf3 Nd4 10. Bd1 Bd6 11. O-O Bf5 12. b3 Nxc2 13. Bxc2 Bxc2 14. Ne4
Bxe4 15. Re1 Bc6 16. Bb2 O-O 17. Bxe5 Rae8 18. Bxd6 Rxe1+ 19. Rxe1 cxd6 20. g3
Re8 21. Rc1 a5 22. a4 Re2 23. Rd1 b5 24. Kf1 Re5 25. Rc1 Rc5 26. Rd1 bxa4 27.
bxa4 Bxa4 28. Ra1 Bd7 29. d4 Rb5 30. Rc1 d5 31. Rc7 Bh3+ 32. Ke2 h6 33. Kf3 a4
34. g4 Rb4 35. Kg3 Bf1 36. Rc5 Rxd4 37. Rc1 Be2 38. f3 Rd3 39. Rc8+ Kh7 40. Re8
Rxf3+ 41. Kg2 Rf4 42. Rxe2 Rxg4+ 43. Kf3 Re4 44. Kf2 Rxe2+ 45. Kxe2 a3 0-1

[Event "Challenge"]
[Site "http://www.queenalice.com/game.php?id=1353022"]
[Date "2015.4.11"]
[Round "-"]
[White "fenix40rj"]
[Black "bambi54"]
[Result "0-1"]
[WhiteElo "1480"]
[BlackElo "1503"]

1. d4 d5 2. Nf3 Nf6 3. Nc3 Nc6 4. Bg5 h6 5. Bh4 Bg4 6. Ne5 Nxe5 7. dxe5 Ne4 8.
f3 Nxc3 9. bxc3 Qd7 10. fxg4 Qxg4 11. g3 Qe4 12. Qd3 Qxh1 13. e4 Qxe4+ 14. Be2
Qxd3 15. Bxd3 O-O-O 16. g4 g5 17. Bg3 h5 18. c4 f6 19. Rb1 hxg4 20. exf6 exf6
21. Bf5+ Kb8 22. cxd5 Rxd5 23. Bxg4 f5 24. Bf3 b6 25. Bxd5 f4 26. Bf2 Rxh2 27.
Ke2 g4 28. Rd1 g3 29. Bg2 Rxg2 30. Rd8+ Kb7 31. Rxf8 Rxf2+ 32. Ke1 Kc6 33. Rg8
Rg2 34. Rg6+ Kb7 35. Rf6 Rf2 36. Rg6 a6 37. c4 c5 38. Rf6 f3 39. Rf7+ Kc6 40.
Rf6+ Kd7 41. Rxb6 Rxa2 42. Rb7+ Kc6 43. Rg7 g2 44. Rg6+ Kd7 45. Rg7+ Ke6 46. Rg3
Ra1+ 47. Kf2 Rf1+ 48. Ke3 g1=Q+ 49. Kf4 Qh2 50. Kg4 f2 51. Kf3 Rg1 0-1

[Event "$$$ to Uncle"]
[Site "http://www.queenalice.com/game.php?id=1353897"]
[Date "2015.4.16"]
[Round "-"]
[White "jbugg"]
[Black "bambi54"]
[Result "0-1"]
[WhiteElo "1445"]
[BlackElo "1506"]

1. e4 e5 2. Nf3 Nc6 3. Nc3 Nf6 4. Bc4 Bd6 5. h3 O-O 6. O-O b6 7. a3 Bb7 8. b4 a5
9. b5 Nd4 10. Nxd4 exd4 11. Ne2 Nxe4 12. Nxd4 Bc5 13. Bb2 d5 14. Bb3 Qd6 15. c3
Bxd4 16. cxd4 c6 17. bxc6 Bxc6 18. f3 Ng3 19. Re1 a4 20. Bc2 Rfe8 21. Rb1 Rxe1+
22. Qxe1 Re8 23. Qf2 Re2 24. Qxe2 Nxe2+ 25. Kf2 Qe6 26. Bd3 Nf4 27. Re1 Qf6 28.
Rg1 Nxd3+ 0-1

[Event "OS INCLIVEIS"]
[Site "http://www.queenalice.com/game.php?id=1353948"]
[Date "2015.4.16"]
[Round "-"]
[White "adelio"]
[Black "bambi54"]
[Result "1-0"]
[WhiteElo "1715"]
[BlackElo "1511"]

1. d4 d5 2. e4 Nf6 3. e5 Ne4 4. f3 Nf2 5. Kxf2 e6 6. Be2 Be7 7. g3 O-O 8. h4 Nc6
9. h5 b5 10. Nd2 Nxd4 11. Bd3 Bd7 12. f4 c5 13. Ndf3 Nf5 14. Ng5 Bxg5 15. fxg5
c4 16. Bxf5 exf5 17. Bf4 Bc6 18. Nf3 a5 19. Nh4 Qd7 20. g6 fxg6 21. Nxg6 hxg6
22. hxg6 Qe6 23. Rh8+ Kxh8 24. Qh1+ Kg8 25. Qh7# 1-0

[Event "OS INCLIVEIS"]
[Site "http://www.queenalice.com/game.php?id=1353949"]
[Date "2015.4.16"]
[Round "-"]
[White "bambi54"]
[Black "adelio"]
[Result "0-1"]
[WhiteElo "1520"]
[BlackElo "1704"]

1. e4 a6 2. d4 c5 3. Be3 Nc6 4. d5 Nd4 5. Bxd4 cxd4 6. Qxd4 e6 7. Nc3 Be7 8. Nf3
d6 9. e5 b5 10. Bd3 h5 11. O-O h4 12. Nxh4 Rxh4 13. Qe3 Bg5 14. Ne4 Bxe3 0-1